[Event "HUN-chT2 Szechenyi 1819"]
[Site "Hungary"]
[Date "2019.03.31"]
[Round "8.5"]
[White "Szep, Milan"]
[Black "Zoldi, Zoltan"]
[Result "1-0"]
[WhiteElo "2007"]
[BlackElo "2102"]
[PlyCount "105"]
[EventDate "2018.10.28"]
[EventType "team-tourn"]
[EventRounds "9"]
[EventCountry "HUN"]
[SourceTitle "EXT 2021"]
[Source "ChessBase"]
[SourceDate "2020.10.23"]
[SourceVersion "1"]
[SourceVersionDate "2020.10.23"]
[SourceQuality "1"]
[WhiteTeam "Sarvar"]
[BlackTeam "Gyor Elektromos"]
[WhiteTeamCountry "HUN"]
[BlackTeamCountry "HUN"]

1. e4 c5 2. Nf3 e6 3. c3 Nf6 4. e5 Nd5 5. Be2 d6 6. 0-0 Bd7 7. d4 cxd4 8. c4 Nb6 9. exd6 Bxd6 10. Qxd4 Qc7 11. Qxg7 Rf8 12. Bh6 Nc6 13. Qxh7 0-0-0 14. Bxf8 Rxf8 15. Nc3 Ne7 16. Nb5 Bxb5 17. cxb5 Kb8 18. Rac1 Qd7 19. Rfd1 Nbd5 20. Qe4 Rg8 21. Ne5 Qe8 22. Bf3 Rg5 23. Nc4 Bf4 24. b6 Bxc1 25. bxa7+ Kxa7 26. Rxc1 Nc6 27. Nd6 Qd7 28. Nb5+ Kb8 29. Qh4 Rg8 30. Qa4 Rd8 31. h3 Nb6 32. Qf4+ e5 33. Qg5 Qe8 34. Re1 Nd7 35. Nd6 Qf8 36. Bxc6 f6 37. Qd2 bxc6 38. Qb4+ Kc7 39. Rd1 Nb6 40. Qa5 Rxd6 41. Qa7+ Kc8 42. Rxd6 Qxd6 43. Qxb6 e4 44. Qe3 f5 45. g3 Qd1+ 46. Kg2 Qd3 47. b3 Kd7 48. h4 Qd1 49. Qf4 Ke6 50. g4 fxg4 51. Qxe4+ Kd7 52. h5 g3 53. Qf5+ 1-0

[Event "HUN-chT2 Szechenyi 1718"]
[Site "Hungary"]
[Date "2018.05.06"]
[Round "9.5"]
[White "Gombocz, Zsofia"]
[Black "Zoldi, Zoltan"]
[Result "1-0"]
[WhiteElo "1868"]
[BlackElo "2138"]
[PlyCount "53"]
[EventDate "2017.10.29"]
[EventType "team-tourn"]
[EventRounds "9"]
[EventCountry "HUN"]
[SourceTitle "EXT 2021"]
[Source "ChessBase"]
[SourceDate "2020.10.23"]
[SourceVersion "1"]
[SourceVersionDate "2020.10.23"]
[SourceQuality "1"]
[WhiteTeam "Sarvar"]
[BlackTeam "Gyor Elektromos"]
[WhiteTeamCountry "HUN"]
[BlackTeamCountry "HUN"]

1. e4 c5 2. Nf3 e6 3. Nc3 d5 4. d4 Nf6 5. Bg5 cxd4 6. Qxd4 Nc6 7. Bb5 Be7 8. exd5 exd5 9. 0-0-0 0-0 10. Qa4 Be6 11. Bxc6 bxc6 12. Qxc6 Qa5 13. Qb5 Qc7 14. Nd4 Rab8 15. Qd3 Rfc8 16. Rhe1 Ne4 17. Bxe7 Nxc3 18. Qxc3 Qxe7 19. Qd2 Qf6 20. Re3 Rc4 21. Rf3 Qd8 22. Nxe6 fxe6 23. Qe3 Qc8 24. c3 a5 25. Rd4 Kh8 26. Rf7 Qe8 27. Qe5 1-0

[Event "HUN-chT2 Szechenyi 1718"]
[Site "Hungary"]
[Date "2017.12.17"]
[Round "4.6"]
[White "Zoldi, Zoltan"]
[Black "Jakab, Attila"]
[Result "0-1"]
[WhiteElo "2138"]
[BlackElo "2357"]
[PlyCount "76"]
[EventDate "2017.10.29"]
[EventType "team-tourn"]
[EventRounds "9"]
[EventCountry "HUN"]
[SourceTitle "EXT 2021"]
[Source "ChessBase"]
[SourceDate "2020.10.23"]
[SourceVersion "1"]
[SourceVersionDate "2020.10.23"]
[SourceQuality "1"]
[WhiteTeam "Gyor Elektromos"]
[BlackTeam "Ajka Banyasz"]
[WhiteTeamCountry "HUN"]
[BlackTeamCountry "HUN"]

1. Nf3 d5 2. d4 Nf6 3. g3 Bf5 4. Bg2 e6 5. 0-0 Be7 6. c4 c6 7. Qb3 Qb6 8. Nc3 Nbd7 9. c5 Qc7 10. Bf4 Qc8 11. Nh4 Bg6 12. Bg5 0-0 13. Nxg6 hxg6 14. f4 Re8 15. Qc2 Ng4 16. Bxe7 Rxe7 17. Qd3 Nh6 18. b4 Rb8 19. Rfc1 f6 20. e4 dxe4 21. Nxe4 Qc7 22. Nd6 Nf5 23. Nxf5 gxf5 24. Re1 g6 25. Re3 e5 26. d5 cxd5 27. Qxd5+ Kf8 28. Rd1 e4 29. Bf1 Rc8 30. Bc4 Kg7 31. Bb5 Nf8 32. Qb3 Rd8 33. Bc4 Rxd1+ 34. Qxd1 Rd7 35. Qb3 b6 36. Rc3 Rd2 37. Bf1 Qd8 38. Qc4 b5 0-1

[Event "HUN-chT2 Charousek 1314"]
[Site "Hungary"]
[Date "2013.11.03"]
[Round "4"]
[White "Zoldi, Zoltan"]
[Black "Buzeti, Jernej"]
[Result "0-1"]
[WhiteElo "2174"]
[BlackElo "2241"]
[PlyCount "100"]
[EventDate "2013.09.08"]
[EventType "team-tourn"]
[EventRounds "11"]
[EventCountry "HUN"]
[SourceTitle "EXT 2016"]
[Source "ChessBase"]
[SourceDate "2015.10.08"]
[SourceVersion "1"]
[SourceVersionDate "2015.10.08"]
[SourceQuality "1"]
[WhiteTeam "Gyor Elektromos"]
[BlackTeam "Alsoszolnok"]
[WhiteTeamCountry "HUN"]
[BlackTeamCountry "HUN"]

1. Nf3 Nf6 2. c4 c6 3. g3 d5 4. Bg2 Bf5 5. 0-0 h6 6. Qb3 Qb6 7. d3 e6 8. Be3 Qc7 9. Bf4 Qb6 10. Nc3 Be7 11. Be3 Qxb3 12. axb3 a6 13. Na4 Nbd7 14. Nb6 Nxb6 15. Bxb6 Nd7 16. Bd4 0-0 17. Rfd1 Rfd8 18. Bc3 Bg4 19. Kf1 Kf8 20. b4 Bf5 21. Ra2 dxc4 22. dxc4 Bc2 23. Rd2 Bb3 24. Ra1 Bxc4 25. Rxd7 Rxd7 26. Ne5 Rad8 27. Nxd7+ Rxd7 28. Ke1 Bb3 29. e3 h5 30. Bf3 g6 31. Rc1 Ke8 32. Be4 f5 33. Bf3 Bd5 34. Be2 Be4 35. Bc4 Bd5 36. b3 Kf7 37. Ke2 g5 38. f3 g4 39. fxg4 hxg4 40. h4 gxh3 41. Bxd5 Rxd5 42. Rh1 Rb5 43. Rxh3 Kg6 44. Rh8 Bxb4 45. Rg8+ Kf7 46. Rg7+ Kf8 47. Bf6 Bd6 48. Kf3 Rxb3 49. Rd7 Bc5 50. Bg5 a5 0-1

[Event "HUN-chT2 Charousek 1314"]
[Site "Hungary"]
[Date "2013.09.08"]
[Round "1"]
[White "Dankhazi, Andras"]
[Black "Zoldi, Zoltan"]
[Result "1/2-1/2"]
[WhiteElo "2171"]
[BlackElo "2174"]
[PlyCount "50"]
[EventDate "2013.09.08"]
[EventType "team-tourn"]
[EventRounds "11"]
[EventCountry "HUN"]
[SourceTitle "EXT 2016"]
[Source "ChessBase"]
[SourceDate "2015.10.08"]
[SourceVersion "1"]
[SourceVersionDate "2015.10.08"]
[SourceQuality "1"]
[WhiteTeam "Paks ASE II"]
[BlackTeam "Gyor Elektromos"]
[WhiteTeamCountry "HUN"]
[BlackTeamCountry "HUN"]

1. d4 Nf6 2. c4 d6 3. Nf3 Nbd7 4. Nc3 e5 5. e4 Be7 6. Be2 0-0 7. 0-0 c6 8. Re1 Re8 9. Bf1 Bf8 10. Rb1 exd4 11. Nxd4 d5 12. cxd5 cxd5 13. exd5 Rxe1 14. Qxe1 Nb6 15. Bg5 Nbxd5 16. Nxd5 Qxd5 17. Bxf6 gxf6 18. Nb3 Be6 19. Be2 Qe5 20. Bf3 Rb8 21. Qd2 b6 22. Re1 Qg5 23. Qd3 Re8 24. g3 Bc4 25. Qc3 Rxe1+ 1/2-1/2

[Event "HUN-chT2 Charousek 1112"]
[Site "Hungary"]
[Date "2012.02.19"]
[Round "6"]
[White "Zoldi, Zoltan"]
[Black "Kadlicsko, Jozsef"]
[Result "1/2-1/2"]
[WhiteElo "2165"]
[BlackElo "2109"]
[PlyCount "82"]
[EventDate "2011.09.25"]
[EventType "team-tourn"]
[EventRounds "11"]
[EventCountry "HUN"]
[SourceTitle "EXT 2013"]
[Source "ChessBase"]
[SourceDate "2012.11.22"]
[SourceVersion "1"]
[SourceVersionDate "2012.11.22"]
[SourceQuality "1"]
[WhiteTeam "Gyor Elektromos"]
[BlackTeam "Fehervar"]
[WhiteTeamCountry "HUN"]
[BlackTeamCountry "HUN"]

1. Nf3 Nf6 2. c4 e6 3. g3 Be7 4. Bg2 d5 5. 0-0 0-0 6. d4 Nbd7 7. cxd5 exd5 8. Nc3 c6 9. a3 a5 10. Bf4 Re8 11. Rc1 Nf8 12. Qb3 Ng6 13. Bg5 h5 14. e3 Nh7 15. Bxe7 Qxe7 16. Na4 Bf5 17. Nc5 Rab8 18. Qb6 h4 19. b4 axb4 20. axb4 Ng5 21. Nxg5 Qxg5 22. Rce1 hxg3 23. hxg3 Qh5 24. e4 dxe4 25. Nxe4 Bh3 26. Qc5 Qxc5 27. bxc5 Bxg2 28. Kxg2 b6 29. cxb6 Re6 30. Nc5 Rxe1 31. Rxe1 Rxb6 32. Re8+ Kh7 33. Rd8 Rb4 34. Kf3 Rc4 35. Ne4 Ne7 36. Ke3 Kg6 37. Kd3 Ra4 38. Rd7 Nd5 39. Rd6+ f6 40. Nc5 Ra3+ 41. Ke2 Ne7 1/2-1/2

[Event "HUN-chT2 Charousek 1112"]
[Site "Hungary"]
[Date "2011.11.13"]
[Round "3"]
[White "Zoldi, Zoltan"]
[Black "Szente Varga, Fruzsina"]
[Result "1-0"]
[WhiteElo "2165"]
[BlackElo "1951"]
[PlyCount "91"]
[EventDate "2011.09.25"]
[EventType "team-tourn"]
[EventRounds "11"]
[EventCountry "HUN"]
[SourceTitle "EXT 2013"]
[Source "ChessBase"]
[SourceDate "2012.11.22"]
[SourceVersion "1"]
[SourceVersionDate "2012.11.22"]
[SourceQuality "1"]
[WhiteTeam "Gyor Elektromos"]
[BlackTeam "Paks II"]
[WhiteTeamCountry "HUN"]
[BlackTeamCountry "HUN"]

1. Nf3 Nf6 2. c4 c5 3. g3 b6 4. Bg2 Bb7 5. Nc3 e6 6. 0-0 a6 7. d4 cxd4 8. Qxd4 d6 9. b3 Nbd7 10. Bb2 Be7 11. Rad1 0-0 12. Nd2 Qc7 13. Bxb7 Qxb7 14. Nde4 Rfd8 15. Nxd6 Qc6 16. Nde4 Nc5 17. Nxf6+ Bxf6 18. Qe3 Ne4 19. Rxd8+ Rxd8 20. Rd1 Rxd1+ 21. Nxd1 Be7 22. Qf3 Qd7 23. Qxe4 Qxd1+ 24. Kg2 h6 25. Qd4 Qxd4 26. Bxd4 Bc5 27. Bxc5 bxc5 28. Kf3 Kf8 29. Ke3 Ke7 30. Kd3 Kd6 31. a3 a5 32. Kc3 g5 33. b4 axb4+ 34. axb4 cxb4+ 35. Kxb4 Kc6 36. c5 g4 37. Kc4 h5 38. e4 f6 39. Kb4 Kd7 40. Kb5 Kc7 41. c6 Kc8 42. Kb6 Kb8 43. c7+ Kc8 44. Kc6 f5 45. exf5 exf5 46. Kd6 1-0

[Event "HUN-chT2 Breyer 1011"]
[Site "Hungary"]
[Date "2011.04.17"]
[Round "9.7"]
[White "Zoldi, Zoltan"]
[Black "D Albini, Geza"]
[Result "0-1"]
[WhiteElo "2180"]
[BlackElo "2080"]
[PlyCount "114"]
[EventDate "2010.09.12"]
[EventType "team-tourn"]
[EventRounds "11"]
[EventCountry "HUN"]
[SourceTitle "EXT 2012"]
[Source "ChessBase"]
[SourceDate "2011.11.24"]
[SourceVersion "1"]
[SourceVersionDate "2011.11.24"]
[SourceQuality "1"]
[WhiteTeam "Gyor Elektromos"]
[BlackTeam "Vizugy"]
[WhiteTeamCountry "HUN"]
[BlackTeamCountry "HUN"]

1. Nf3 d5 2. d4 c6 3. Nc3 Nf6 4. Bg5 Nbd7 5. e3 g6 6. Bd3 Bg7 7. Qe2 0-0 8. 0-0 h6 9. Bh4 Re8 10. Rad1 Qb6 11. b3 e5 12. dxe5 Nxe5 13. Nxe5 Rxe5 14. Qd2 Re8 15. Bg3 Nh5 16. Ne2 Bg4 17. Rde1 Bxe2 18. Rxe2 Nxg3 19. hxg3 Rad8 20. Ree1 Qc5 21. Rd1 Bc3 22. Qe2 Qa3 23. Qf3 Qxa2 24. Qf4 Kg7 25. e4 Be5 26. Qf3 dxe4 27. Bxe4 Bf6 28. Rxd8 Rxd8 29. Rd1 Rxd1+ 30. Qxd1 Qa1 31. Qxa1 Bxa1 32. Kf1 Kf6 33. Ke2 Ke5 34. Kd3 f5 35. f4+ Kd6 36. Bf3 h5 37. c3 a5 38. Be2 b5 39. Kd2 Bb2 40. c4 Kc5 41. cxb5 cxb5 42. Bd3 Bd4 43. Ke2 Kb4 44. Kd2 Bf2 45. Kc2 Bxg3 46. Be2 Bxf4 47. Bf3 Kc5 48. Bb7 Be5 49. Bc8 f4 50. Be6 g5 51. Bf7 g4 52. Kd3 Bb8 53. Bxh5 Kb4 54. Bxg4 Kxb3 55. Be6+ Ka3 56. Bd7 b4 57. Kc2 b3+ 0-1

[Event "HUN-chT2 Breyer 1011"]
[Site "Hungary"]
[Date "2011.03.27"]
[Round "7.7"]
[White "Zoldi, Zoltan"]
[Black "Kiss, Kinga"]
[Result "1/2-1/2"]
[WhiteElo "2180"]
[BlackElo "2092"]
[PlyCount "63"]
[EventDate "2010.09.12"]
[EventType "team-tourn"]
[EventRounds "11"]
[EventCountry "HUN"]
[SourceTitle "EXT 2012"]
[Source "ChessBase"]
[SourceDate "2011.11.24"]
[SourceVersion "1"]
[SourceVersionDate "2011.11.24"]
[SourceQuality "1"]
[WhiteTeam "Gyor Elektromos"]
[BlackTeam "Sarkany"]
[WhiteTeamCountry "HUN"]
[BlackTeamCountry "HUN"]

1. Nf3 Nf6 2. c4 e6 3. d4 b6 4. g3 Bb7 5. Bg2 Bb4+ 6. Bd2 Qe7 7. 0-0 Bxd2 8. Qxd2 d6 9. Nc3 0-0 10. d5 Nbd7 11. Nd4 Ne5 12. b3 exd5 13. cxd5 Nfd7 14. f4 Ng4 15. e4 a5 16. Rae1 Nc5 17. e5 dxe5 18. fxe5 Nxe5 19. Nf5 Qf6 20. d6 cxd6 21. Nxd6 Qe7 22. Nxb7 Nxb7 23. Bxb7 Rad8 24. Qg2 Qc5+ 25. Kh1 Qxc3 26. Re2 Ng4 27. Rfe1 Qc5 28. Be4 f5 29. Qf3 fxe4 30. Qxg4 e3 31. Qe6+ Kh8 32. Qxe3 1/2-1/2

[Event "HUN-chT2 Szechenyi 0910"]
[Site "Hungary"]
[Date "2010.04.18"]
[Round "10.4"]
[White "Pinterne, Kovacs Marta"]
[Black "Zoldi, Zoltan"]
[Result "0-1"]
[WhiteElo "2145"]
[BlackElo "2180"]
[PlyCount "82"]
[EventDate "2009.11.08"]
[EventType "team-tourn"]
[EventRounds "11"]
[EventCountry "HUN"]
[SourceTitle "EXT 2011"]
[Source "ChessBase"]
[SourceDate "2010.11.26"]
[SourceVersion "1"]
[SourceVersionDate "2010.11.26"]
[SourceQuality "1"]
[WhiteTeam "Keszthely"]
[BlackTeam "Gyor Elektromos"]
[WhiteTeamCountry "HUN"]
[BlackTeamCountry "HUN"]

1. d4 Nf6 2. Nf3 g6 3. Bf4 Bg7 4. h3 c5 5. e3 b6 6. Nbd2 0-0 7. c3 d6 8. Bc4 Ba6 9. a4 Bxc4 10. Nxc4 Nbd7 11. d5 a6 12. 0-0 b5 13. Na3 Nb6 14. axb5 axb5 15. Nxb5 Nfxd5 16. Bh2 Qd7 17. Na3 Ra4 18. Qd3 Nf6 19. b3 Ra5 20. Nc4 Nxc4 21. bxc4 Rfa8 22. Rxa5 Rxa5 23. e4 Ra7 24. Rd1 h6 25. e5 dxe5 26. Bxe5 Qxd3 27. Rxd3 Ne4 28. g4 Ra1+ 29. Kg2 Ra2 30. Bxg7 Kxg7 31. Re3 Nxf2 32. Kg3 e6 33. h4 f5 34. g5 Ne4+ 35. Kf4 hxg5+ 36. hxg5 Rg2 37. Rd3 Rg4+ 38. Ke5 Nxg5 39. Rd7+ Kh6 40. Nxg5 Kxg5 41. Kxe6 Rxc4 0-1

[Event "HUN-chT2 Szechenyi 0910"]
[Site "Hungary"]
[Date "2010.01.31"]
[Round "5.6"]
[White "Toth, Tibor"]
[Black "Zoldi, Zoltan"]
[Result "0-1"]
[WhiteElo "1998"]
[BlackElo "2180"]
[PlyCount "54"]
[EventDate "2009.11.08"]
[EventType "team-tourn"]
[EventRounds "11"]
[EventCountry "HUN"]
[SourceTitle "EXT 2011"]
[Source "ChessBase"]
[SourceDate "2010.11.26"]
[SourceVersion "1"]
[SourceVersionDate "2010.11.26"]
[SourceQuality "1"]
[WhiteTeam "HVSE Infraplan"]
[BlackTeam "Gyor Elektromos"]
[WhiteTeamCountry "HUN"]
[BlackTeamCountry "HUN"]

1. e4 c5 2. Nf3 e6 3. d4 cxd4 4. Nxd4 a6 5. c4 Nf6 6. Bd3 d6 7. 0-0 Qc7 8. Qe2 Nbd7 9. Nc3 Be7 10. f4 b6 11. g4 g6 12. Bd2 Bb7 13. Nb3 0-0 14. g5 Nh5 15. f5 Rfe8 16. Nd4 e5 17. Nb3 Nf4 18. Bxf4 exf4 19. f6 Bf8 20. Rxf4 d5 21. Rh4 dxe4 22. Nxe4 Ne5 23. Bc2 Nxc4 24. Re1 b5 25. Qf2 Qe5 26. Qg3 Nd6 27. Re3 Nf5 0-1

[Event "HUN-chT2 Szechenyi 0910"]
[Site "Hungary"]
[Date "2009.11.08"]
[Round "1.4"]
[White "Babocs, Gyula"]
[Black "Zoldi, Zoltan"]
[Result "1/2-1/2"]
[WhiteElo "2013"]
[BlackElo "2180"]
[PlyCount "113"]
[EventDate "2009.11.08"]
[EventType "team-tourn"]
[EventRounds "11"]
[EventCountry "HUN"]
[SourceTitle "EXT 2011"]
[Source "ChessBase"]
[SourceDate "2010.11.26"]
[SourceVersion "1"]
[SourceVersionDate "2010.11.26"]
[SourceQuality "1"]
[WhiteTeam "Ajka Banyasz"]
[BlackTeam "Gyor Elektromos"]
[WhiteTeamCountry "HUN"]
[BlackTeamCountry "HUN"]

1. e4 c5 2. c3 Nf6 3. e5 Nd5 4. d4 cxd4 5. Nf3 d6 6. exd6 Qxd6 7. cxd4 Nc6 8. Nc3 g6 9. Qb3 Nxc3 10. bxc3 Bg7 11. Ba3 Qc7 12. Bb5 0-0 13. 0-0 Bg4 14. Bxc6 Qxc6 15. Ne5 Bxe5 16. dxe5 Rfe8 17. Rfe1 Rad8 18. Qb4 h5 19. h3 Be6 20. Qc5 Qa4 21. Qb4 Qxb4 22. Bxb4 Rd7 23. a4 Red8 24. a5 Kf8 25. Re3 Ke8 26. Bc5 a6 27. Bb6 Rc8 28. Rc1 Rd5 29. f4 Rc4 30. Rf1 Rd2 31. Rff3 Bd5 32. Rd3 Rxd3 33. Rxd3 e6 34. g3 h4 35. Kf2 Ra4 36. Rd2 Ra3 37. Rc2 Be4 38. Rc1 Ra2+ 39. Ke3 Bd5 40. gxh4 Rh2 41. c4 Rxh3+ 42. Kd4 Bc6 43. Kc5 Rxh4 44. Rf1 Rh2 45. Rd1 Re2 46. Rd8+ Ke7 47. Rd4 Re4 48. Rxe4 Bxe4 49. Kd4 Bc6 50. Bc5+ Kd7 51. Bb4 Ba4 52. Kc5 Bd1 53. Bd2 Ke7 54. Bc3 Kf8 55. Be1 Kg7 56. Bh4 Kh6 57. Kd6 1/2-1/2

[Event "HUN-chT2 Charousek 0809"]
[Site "Hungary"]
[Date "2009.01.11"]
[Round "5"]
[White "Zoldi, Zoltan"]
[Black "Kalisky, Vladimir"]
[Result "1/2-1/2"]
[WhiteElo "2181"]
[BlackElo "2253"]
[PlyCount "97"]
[EventDate "2008.10.26"]
[EventType "team-tourn"]
[EventRounds "11"]
[EventCountry "HUN"]
[SourceTitle "EXT 2010"]
[Source "ChessBase"]
[SourceDate "2010.11.25"]
[SourceVersion "1"]
[SourceVersionDate "2010.11.25"]
[SourceQuality "1"]
[WhiteTeam "Gyor Elektromos"]
[BlackTeam "Pannonpower"]
[WhiteTeamCountry "HUN"]
[BlackTeamCountry "HUN"]

1. c4 Nf6 2. Nf3 d6 3. Nc3 e5 4. d3 g6 5. g3 Bg7 6. Bg2 0-0 7. 0-0 c6 8. Rb1 a5 9. a3 Re8 10. b4 axb4 11. axb4 d5 12. Bb2 dxc4 13. dxc4 Qxd1 14. Rfxd1 Bf5 15. Ra1 Nbd7 16. Nd2 Rxa1 17. Rxa1 Rd8 18. Nde4 Nb6 19. Nc5 Nxc4 20. Nxb7 Rc8 21. Bc1 e4 22. Ra7 e3 23. Bxe3 Nxe3 24. fxe3 Ng4 25. Ne4 Nxe3 26. Nbd6 Nxg2 27. Kxg2 Rb8 28. Nxf5 gxf5 29. Nd6 Rxb4 30. Ra8+ Bf8 31. Nxf5 Re4 32. Kf3 Re6 33. g4 c5 34. g5 Re5 35. e4 Re6 36. h4 f6 37. Rc8 fxg5 38. hxg5 Kf7 39. Rc7+ Kg8 40. Kf4 h6 41. gxh6 Bxh6+ 42. Nxh6+ Rxh6 43. Rxc5 Kf7 44. Rc7+ Ke8 45. Kg5 Ra6 46. e5 Rb6 47. Ra7 Rc6 48. Kf5 Rb6 49. Ra8+ 1/2-1/2

[Event "HUN-chT2 Charousek 0708"]
[Site "Hungary"]
[Date "2007.12.09"]
[Round "4"]
[White "Palkovi, Jozsef"]
[Black "Zoldi, Zoltan"]
[Result "1-0"]
[WhiteElo "2424"]
[BlackElo "2171"]
[PlyCount "67"]
[EventDate "2007.10.14"]
[EventType "team"]
[EventRounds "11"]
[EventCountry "HUN"]
[SourceTitle "EXT 2009"]
[Source "ChessBase"]
[SourceDate "2008.11.26"]
[SourceVersion "1"]
[SourceVersionDate "2008.11.26"]
[SourceQuality "1"]
[WhiteTeam "Taban Spartacus"]
[BlackTeam "Gyor Elektromos"]
[WhiteTeamCountry "HUN"]
[BlackTeamCountry "HUN"]

1. e4 g6 2. d4 Bg7 3. Nc3 c6 4. h3 d6 5. a4 Nf6 6. g3 Nbd7 7. Bg2 e5 8. Nge2 0-0 9. 0-0 Re8 10. Re1 Nf8 11. Be3 exd4 12. Nxd4 Ne6 13. Nb3 Qe7 14. Qd2 Nd7 15. Rad1 Bf8 16. f4 Ndc5 17. Nxc5 dxc5 18. e5 Rd8 19. Qf2 Nd4 20. Ne4 Bf5 21. Nf6+ Kh8 22. g4 Bxc2 23. Rd2 Bb3 24. Qh4 h5 25. Bxd4 Rxd4 26. gxh5 g5 27. Qxg5 Bg7 28. Be4 Be6 29. h6 Bxf6 30. exf6 Qf8 31. Rxd4 cxd4 32. f5 Bd5 33. Bxd5 cxd5 34. Re7 1-0